| 000 | 00511nam a2200181 i 4500 | ||
|---|---|---|---|
| 001 | 37075 | ||
| 003 | ES-MaACL | ||
| 005 | 20230906155511.0 | ||
| 007 | t| | ||
| 008 | 030220s1976 sp ||||1| spa d | ||
| 020 | _a84-7232-125-8 | ||
| 080 | _a860(729.1)-14"19" | ||
| 100 | 1 |
_aBrull, Mariano. _932123 |
|
| 245 | 1 | 3 |
_aLa casa del silencio _b: (antologĂa de su obra: 1916-1954) / _cMariano Brull. |
| 260 |
_aMadrid : _bCultura Hispánica, _c1976. |
||
| 300 |
_a100 p. ; _c22 cm. |
||
| 852 |
_aES-MaACL _jA-6898 |
||
| 999 |
_c37075 _d37075 |
||